000 00764nam a2200253 i 4500
001 000014891
003 DO-SdBNP
005 20240530073917.0
007 ta
008 100127s2008 dr 000 f spa d
020 _a9789945454031
040 _aDO-SdBNP
_bspa
_cBNPHU
_erda
082 4 _aRD863.44
_bP192d
_222
100 1 _aPaniagua, Christian,
_d1958-
_933726
_eautor
245 1 4 _aLos días del perejil /
_cChristian Paniagua.
264 _aSanto Domingo :
_bManatí,
_c2008.
300 _a351 páginas ;
_c23 cm.
500 _aIncluye datos biográficos del autor.
590 _aInventariado, 2020/MAA
650 0 _aNovela dominicana
_9223
650 0 _aLiteratura dominicana.
_967
910 _aValidado. Control de calidad MMOLINA
942 _2ddc
_cLBS1
999 _c14471
_d14471